European Battle Royale: Day 5 - Statistics

General Stats
  • This quiz has been taken 154 times
  • The average score is 3 of 5
Answer Stats
Question Answer % Correct
Italy Yes, I want to save this country from elimination.
93%
Iceland Yes, I want to save this country from elimination.
79%
Ireland Yes, I want to save this country from elimination.
64%
Kazakhstan Yes, I want to save this country from elimination.
54%
Kosovo Yes, I want to save this country from elimination.
54%
No matching quizzes found
Score Distribution
Percent of People with Each Score
Percentile by Number Answered
Your Score History
You have not taken this quiz